| 000 | 01497cam a22003974i 4500 | ||
|---|---|---|---|
| 003 | PE-LiUPU | ||
| 005 | 20250731172927.0 | ||
| 008 | s1990 r 000 0 spa d | ||
| 035 | _a(Sirsi) a204025 | ||
| 040 |
_aPE-LiUPU _bspa _cPE-LiUPU _erda |
||
| 049 | _aPRUA | ||
| 082 | 0 | 4 |
_a276.7 _bM26 |
| 100 | 1 |
_aMarc Éla, Jean, _eautor. |
|
| 245 |
_aMy faith as an African / _cJean-Marc Éla. |
||
| 264 |
_aEE.UU : _bORBIS, _c1990. |
||
| 300 |
_a187 páginas ; _c19 centímetros. |
||
| 336 |
_text _2rdacontent |
||
| 337 |
_unmediated _2rdamedia |
||
| 338 |
_volume _2rdacarrier |
||
| 505 | 0 | _aAn Itinerary -- The Anceestors and christ faith -- Telling the story of God's revelation -- The future of local communities -- The health of those without dignity -- The Granary is empty -- Is God neutral? -- The gospel is at the heart of conflicts -- The generations of independence -- Speaking about God to africans -- Conclusion theology under the tree. | |
| 526 | _aSEG42 | ||
| 526 | _aSEG41 | ||
| 526 | _aSEG40 | ||
| 526 | _aSEG39 | ||
| 526 | _aP94 | ||
| 526 | _aP87 | ||
| 526 | _aP86 | ||
| 526 | _aP85 | ||
| 526 | _aP77 | ||
| 526 | _aP76 | ||
| 526 | _aP35 | ||
| 596 | _a1 | ||
| 942 |
_2ddc _cBOOK |
||
| 999 |
_a276.7 M26 _wLC _c20403 _i75842 _f2021-11-11 _g4 _lCCODEBUL1 _mBUL _r0 _sY _tBOOK _u2017-5-22 _xTEOLOGIA _PP85 _0DONACION _o.STAFF. Colección Teología _d20403 |
||
| 980 |
_81 _gALBERTO SANCHEZ Responsable de Automatización |
||